[Event "Sochi Lobanov Memorial Blitz"]
[Site "Sochi"]
[Date "2021.06.26"]
[Round "12"]
[White "Gubernatorova, Lyudmila"]
[Black "Polschikov, Alexey"]
[Result "0-1"]
[WhiteElo "2130"]
[BlackElo "2420"]
[PlyCount "62"]
[EventDate "2021.06.26"]
[EventType "swiss (blitz)"]
[EventRounds "13"]
[EventCountry "RUS"]
[SourceTitle "CBM 203 Extra"]
[Source "ChessBase"]
[SourceDate "2021.09.30"]
[SourceVersion "1"]
[SourceVersionDate "2021.09.30"]
[SourceQuality "1"]

1. d4 d5 2. c4 dxc4 3. Nf3 a6 4. e4 b5 5. a4 Bb7 6. b3 Bxe4 7. axb5 axb5 8. Rxa8 Bxa8 9. bxc4 bxc4 10. Bxc4 e6 11. 0-0 Nf6 12. Ne5 Bd6 13. Qa4+ Nbd7 14. Bb5 Ke7 15. Re1 Nb6 16. Qc2 Nbd5 17. Na3 Qb8 18. Bc6 Rc8 19. h3 Kf8 20. Nac4 Bxc6 21. Nxc6 Qb7 22. N6e5 Be7 23. Qe2 c5 24. dxc5 Bxc5 25. Bg5 h6 26. Bxf6 Nxf6 27. Rd1 Nd5 28. Qf3 Kg8 29. Qh5 Qa7 30. Qh4 Be7 31. Ng4 Bxh4 0-1

[Event "Sochi Lobanov Memorial Blitz"]
[Site "Sochi"]
[Date "2021.06.26"]
[Round "13"]
[White "Polschikov, Alexey"]
[Black "Gochelashvili, David"]
[Result "1/2-1/2"]
[WhiteElo "2420"]
[BlackElo "2411"]
[PlyCount "60"]
[EventDate "2021.06.26"]
[EventType "swiss (blitz)"]
[EventRounds "13"]
[EventCountry "RUS"]
[SourceTitle "CBM 203 Extra"]
[Source "ChessBase"]
[SourceDate "2021.09.30"]
[SourceVersion "1"]
[SourceVersionDate "2021.09.30"]
[SourceQuality "1"]

1. Nf3 g6 2. c4 Bg7 3. d4 Nf6 4. Nc3 0-0 5. e4 d6 6. Be2 e5 7. d5 a5 8. Bg5 Na6 9. Nd2 Qe8 10. 0-0 h6 11. Be3 Bd7 12. b3 Nh7 13. a3 f5 14. f3 f4 15. Bf2 g5 16. Rb1 h5 17. b4 axb4 18. axb4 Rf7 19. c5 Bf8 20. c6 bxc6 21. dxc6 Bxc6 22. b5 Bd7 23. bxa6 g4 24. Bc4 Be6 25. Kh1 g3 26. Bg1 Bxc4 27. Nxc4 Rxa6 28. Rb7 Ng5 29. Qd5 h4 30. Rfb1 h3 1/2-1/2

[Event "Sochi Lobanov Memorial Blitz"]
[Site "Sochi"]
[Date "2021.06.26"]
[Round "8"]
[White "Vastrukhin, Oleg"]
[Black "Polschikov, Alexey"]
[Result "0-1"]
[WhiteElo "2401"]
[BlackElo "2420"]
[PlyCount "60"]
[EventDate "2021.06.26"]
[EventType "swiss (blitz)"]
[EventRounds "13"]
[EventCountry "RUS"]
[SourceTitle "CBM 203 Extra"]
[Source "ChessBase"]
[SourceDate "2021.09.30"]
[SourceVersion "1"]
[SourceVersionDate "2021.09.30"]
[SourceQuality "1"]

1. Nf3 c5 2. g3 b6 3. Bg2 Bb7 4. 0-0 Nf6 5. d3 e6 6. e4 d6 7. Nfd2 Qc7 8. Nc3 a6 9. f4 Nc6 10. a4 Be7 11. g4 Nd7 12. Nf3 0-0 13. Be3 Nb4 14. Ne2 d5 15. c3 Nxd3 16. exd5 c4 17. dxe6 fxe6 18. b4 Nf6 19. h3 Nd5 20. Qd2 Rae8 21. Nfd4 Bd6 22. Rf3 Nxe3 23. Rxe3 Bxg2 24. Kxg2 Nxf4+ 25. Kg1 Qb7 26. Nxf4 Bxf4 27. Rae1 Bxe3+ 28. Qxe3 g6 29. Qe5 Qd5 30. Qe3 e5 0-1

[Event "Sochi Lobanov Memorial Rapid"]
[Site "Sochi"]
[Date "2021.06.24"]
[Round "1"]
[White "Polschikov, Alexey"]
[Black "Vershinin, Kirill"]
[Result "1-0"]
[WhiteElo "2420"]
[BlackElo "1250"]
[PlyCount "53"]
[EventDate "2021.06.24"]
[EventType "swiss (rapid)"]
[EventRounds "9"]
[EventCountry "RUS"]
[SourceTitle "CBM 203 Extra"]
[Source "ChessBase"]
[SourceDate "2021.09.30"]
[SourceVersion "1"]
[SourceVersionDate "2021.09.30"]
[SourceQuality "1"]

1. Nf3 g6 2. e4 Bg7 3. d4 c6 4. Nc3 d5 5. h3 dxe4 6. Nxe4 Nf6 7. Bd3 0-0 8. 0-0 Nbd7 9. Nxf6+ Nxf6 10. Re1 h6 11. c3 Re8 12. Bf4 Nd5 13. Be5 Bd7 14. Bxg7 Kxg7 15. Ne5 Nf4 16. Qf3 g5 17. g3 Nxh3+ 18. Kh2 Be6 19. Bf5 g4 20. Qxg4+ Ng5 21. Bxe6 fxe6 22. f4 Rh8 23. fxg5 hxg5+ 24. Kg1 Qg8 25. Qxg5+ Kh7 26. Qh5+ Kg7 27. Qg6+ 1-0